Toronto Subway Stations - With Map - Statistics

General Stats
  • This quiz has been taken 1,141 times
  • The average score is 39 of 70
Answers on the Map
Answers color-coded by a green-red scale on the quiz's map according to % correct below.
 
Answer Stats
Station % Correct
Bloor–Yonge
89%
Union
89%
Queen
87%
King
85%
Sheppard–Yonge
82%
Dundas
80%
Spadina
78%
Bay
76%
Finch
73%
College
71%
Eglinton
71%
St. George
71%
Museum
70%
Kennedy
69%
Kipling
69%
Vaughan Metropolitan Centre
66%
St. Andrew
63%
St. Clair
63%
St. Patrick
62%
Queen's Park
60%
Eglinton West
59%
Bathurst
58%
Don Mills
58%
High Park
58%
Osgoode
58%
Wellesley
58%
Lawrence
57%
Pape
57%
Jane
56%
Yorkdale
56%
Islington
55%
Ossington
55%
Rosedale
55%
North York Centre
54%
St. Clair West
54%
Dundas West
53%
York Mills
53%
York University
53%
Castle Frank
52%
Christie
51%
Dufferin
51%
Finch West
50%
Keele
50%
Victoria Park
50%
Lawrence West
49%
Sheppard West
49%
Dupont
48%
Highway 407
48%
Bayview
47%
Davisville
47%
Leslie
47%
Summerhill
47%
Broadview
46%
Main Street
46%
Pioneer Village
46%
Sherbourne
46%
Warden
46%
Wilson
44%
Old Mill
43%
Woodbine
43%
Bessarion
42%
Chester
42%
Royal York
42%
Lansdowne
41%
Runnymede
41%
Greenwood
40%
Coxwell
39%
Donlands
39%
Downsview Park
35%
Glencairn
35%
No matching quizzes found
Score Distribution
Percent of People with Each Score
Percentile by Number Answered
Your Score History
You have not taken this quiz